MARC

LEADER 00000nam0a2200000 4500
001 297557
005 20231102001023.0
020 |a RU  |b 84-58634 
035 |a (RuTPU)RU\TPU\book\322690 
090 |a 297557 
100 |a 20150609d1984 k y0rusy5003 ca 
101 0 |a rus 
102 |a KZ 
105 |a a z 001zy 
200 1 |a Аномально высокие пластовые давления в подсолевых отложениях Прикаспийской впадины  |f В. И. Порядин  |g Академия наук Казахской ССР (АН КазССР), Институт гидрогеологии и гидрофизики 
210 |a Алма-Ата  |c Наука  |d 1984 
215 |a 119 с.  |c ил., 1 л. схем. 
320 |a Библиогр.: с. 113-118 
606 1 |a Геологическое бурение, разведочное  |x Нефтегазоносность  |2 stltpush  |3 (RuTPU)RU\TPU\subj\6092  |9 34051 
610 1 |a нефтяные скважины 
610 1 |a пластовое давление 
610 1 |a Прикаспийская впадина 
610 1 |a подсолевые отложения 
610 1 |a геологическое строение 
610 1 |a геотермические исследования 
610 1 |a углеводороды 
610 1 |a залежи 
610 1 |a гидродинамика 
610 1 |a палеозой 
675 |a 553.98:550.82  |v 3 
700 1 |a Порядин  |b В. И.  |g Виктор Иванович 
712 0 2 |a Академия наук Казахской ССР (АН КазССР)  |b Институт гидрогеологии и гидрофизики  |2 stltpush  |3 (RuTPU)RU\TPU\col\8430 
801 0 |a RU  |b RuMRKP  |c 19950704  |g psbo 
801 1 |a RU  |b 63413507  |c 20150609 
801 2 |a RU  |b 63413507  |c 20180406  |g RCR 
942 |c BK